All Modern-Day Countries Ever Controlled by Vikings - Statistics

General Stats
  • This quiz has been taken 108 times
  • The average score is 22 of 22
Answers on the Map
Answers color-coded by a green-red scale on the quiz's map according to % correct below.
 
Answer Stats
Answer % Correct
Denmark
100%
Estonia
100%
Finland
100%
France
100%
Germany
100%
Iceland
100%
Ireland
100%
Italy
100%
Norway
100%
Russia
100%
Sweden
100%
United Kingdom
100%
Canada
99%
Poland
99%
Algeria
98%
Lithuania
98%
Tunisia
98%
Turkey
98%
Ukraine
98%
Belarus
97%
Latvia
97%
Malta
97%
No matching quizzes found
Score Distribution
Percent of People with Each Score
Percentile by Number Answered
Your Score History
You have not taken this quiz